000 00625nam a22002177a 4500
003 UA-OsUOA
001 135566
007 ta
008 20190204b un ||||| |||| 00| 0 ukr d
100 _aШтань М.
090 _a330
_bШ87
942 _cSA
040 _aUA-OsUOA
_bukr
_cUA-OsUOA
_dUA-OsUOA
245 _aМакрофінансова політика в умовах глобальних дисбалансів
300 _aС. 69-77
955 _a0
041 _aukr
080 _a330
773 0 _w135563
_tБанківська справа
_dК.
_d2018
_g4
650 7 _a330 Економіка взагалі
_2UDC
999 _c416605
_d416605